Sân khấu và tôi

Đã lưu trong:
书目详细资料
主要作者: Nguyễn Thị Minh Thái
格式: 图书
语言:Undetermined
出版: Tp. HCM Sân Khấu 1999
主题:
标签: 添加标签
没有标签, 成为第一个标记此记录!
Thư viện lưu trữ: Trung tâm Học liệu Trường Đại học Cần Thơ
LEADER 00535nam a2200193Ia 4500
001 CTU_53392
008 210402s9999 xx 000 0 und d
020 |b 50000 
082 |a 895.922209 
082 |b Th103 
100 |a Nguyễn Thị Minh Thái 
245 0 |a Sân khấu và tôi 
245 0 |c Nguyễn Thị Minh Thái 
260 |a Tp. HCM 
260 |b Sân Khấu 
260 |c 1999 
650 |a vietnamese drâm 
650 |x history and criticism 
980 |a Trung tâm Học liệu Trường Đại học Cần Thơ